000 00364nam a2200133Ia 4500
008 151021s9999 xx 000 0 und d
020 _a9966740163
050 _aHF 5661 2009
245 _a_certified public accountants examination
260 _aNairobi cpa 2009
300 _axviii,70p.
650 _a_public accountants
980 _a^d20110317 04:34:30^okorir
999 _c6852
_d6852